000 00503nam a2200217Ia 4500
003 OSt
005 20221005120737.0
006 a|||||r|||| 00| 0
007 ta
008 221004b |||||||| |||| 00| 0 eng d
024 _a115238
037 _cTextual
040 _aCRL
_cCRL
_beng
041 _2eng
_aeng
100 _aChandra Mahesh
245 0 _aEye Kar
260 _c1989
700 _a Goyal S P
_9230168
942 _cTEXL
_2cc
999 _c1039014
_d1039014